<The> Impact of Business Education of the Strength of Migration Flows

Dôležitým zdrojom hospodárskeho rastu je ľudský kapitál, ktorý predstavuje znalosti a skúsenosti. Jeho formovanie je ovplyvnené rodinným prostredím, najmä počas vzdelávacieho procesu. Rizikom na trhu práce sú tí, ktorí majú problém nájsť vhodnú prácu v mieste svojho bydliska a musia sa presťahovať...

ver descrição completa

Na minha lista:
Detalhes bibliográficos
Autor principal: Vidová, Jarmila, 1967-
Outros Autores: Sika, Peter, 1975-
Formato: Capítulo de Livro
Idioma:inglês
Assuntos:
Tags: Adicionar Tag
Sem tags, seja o primeiro a adicionar uma tag!

MARC

LEADER 00000nla a2200000 4500
001 0246682
005 20240502103334.7
041 0 |a eng 
044 |a SK 
245 1 0 |a <The> Impact of Business Education of the Strength of Migration Flows  |c Jarmila Vidová, Peter Sika 
520 |a Dôležitým zdrojom hospodárskeho rastu je ľudský kapitál, ktorý predstavuje znalosti a skúsenosti. Jeho formovanie je ovplyvnené rodinným prostredím, najmä počas vzdelávacieho procesu. Rizikom na trhu práce sú tí, ktorí majú problém nájsť vhodnú prácu v mieste svojho bydliska a musia sa presťahovať za prácou. V európskom referenčnom rámci sa podnikanie považuje za jednu z ôsmich kľúčových kompetencií celoživotného vzdelávania. Prieskumy Globálneho podnikateľského monitora ukazujú vyššiu úroveň podnikateľskej kompetencie vzdelávanie ktoré prinášajú vyššiu úroveň vnímaných príležitostí, podnikateľských zámerov a začínajúcich aktivít. 
610 2 0 |a vzdelávanie 
610 2 0 |a podnikatelia 
610 2 0 |a trh práce 
610 2 0 |a kvalifikácia 
610 2 0 |a zamestnanosť 
610 2 0 |a migrácia 
610 2 0 |a kapitál ľudský 
100 1 |a Vidová, Jarmila, 1967- 
700 1 |a Sika, Peter, 1975-